Spaß mit Flaggen: Alle Flaggen mit Sonne - Sudden Death - Statistiken

Allgemein
  • Dieses Quiz wurde 413 mal gespielt
    406 seit der letzten Aktualisierung
  • Das Durchschnittsergebnis liegt bei 4 aus 16
Answers on the Grid
Answers color-coded by a green-red scale on the quiz's grid according to % correct below.
Argentinien
Montenegro
Japan
Uruguay
Kasachstan
Kiribati
Namibia
Taiwan
Nordmazedonien
Ruanda
Laos
Bangladesch
Palau
Nauru
Somalia
Equador
Kirgisistan
Antigua und Barbuda
Nepal
Philippinen
Niger
Vereinigte Staaten
Vanuatu
Belize
Brasilien
Singapur
Neuseeland
Burundi
Vietnam
Südkorea
St. Lucia
Komoren
 
Antwortstatistiken
Antwort % Korrekt
Argentinien
53%
Uruguay
44%
Nordmazedonien
38%
Japan
36%
Kasachstan
33%
Kiribati
27%
Antigua und Barbuda
26%
Kirgisistan
26%
Philippinen
26%
Ruanda
25%
Taiwan
24%
Namibia
14%
Nepal
14%
Bangladesch
13%
Niger
13%
Equador
7%
Keine übereinstimmenden Quizze gefunden
Verteilung der Resultate
Anzahl Personen mit jedem Resultat
Perzentil nach korrekt beantworteten Fragen
Ihre Resultats-Entwicklung
Sie haben dieses Quiz seit der letzten Aktualisierung nicht gespielt